Science Quiz

Random Science or Animal Quiz
Score 0/20 Timer 08:00
2 Plays Today
% Correct
Ocellaris Clownfish
92.9%
Lined Seahorse
91.6%
Yellow Tang
90.6%
Chocolate Chip Sea Star
88.9%
Scarlet Cleaner Shrimp
88.5%
Sally Lightfoot Crab
87.9%
Snowflake Eel
85.7%
Purple Acropora Coral
84.6%
Maxima Clam
83.6%
Fighting Conch
77.3%
% Correct
Flame Angelfish
76.2%
Kenya Tree Coral
73.1%
Blue-green Chromis
71.9%
Yasha Goby & Pistol Shrimp
69.8%
Frogspawn Coral
69.4%
Picasso Triggerfish
67.5%
Red Lionfish
67.4%
Christmas Wrasse
61.9%
Feather Duster Worm
53.5%
Bubble Tip Anemone
42%
Remove Ads.
Support Sporcle.
Get the best of Sporcle when you Go Orange. This ad-free experience offers more features, more stats, and more fun while also helping to support Sporcle. Thank you for becoming a member.

You're not logged in!

Compare scores with friends on all Sporcle quizzes.
OR
Log In

Show Comments

Extras

Top Quizzes Today


Score Distribution

Your Account Isn't Verified!

In order to create a playlist on Sporcle, you need to verify the email address you used during registration. Go to your Sporcle Settings to finish the process.

Report this User

Report this user for behavior that violates our Community Guidelines.

Details: